[Event "TCh-FIN SM 2012-13"]
[Site "Sastamala FIN"]
[Date "2012.11.17"]
[Round "6.1"]
[White "Yemelin, V."]
[Black "Neiksans, A."]
[Result "1/2-1/2"]
[WhiteElo "2579"]
[BlackElo "2535"]
[PlyCount "75"]
[EventDate "2012.09.29"]
[SourceDate "1999.07.01"]
[WhiteTeam "Velhot, Porvoo"]
[BlackTeam "VammSK, Sastamala"]

1. e4 c5 2. Nf3 e6 3. d4 cxd4 4. Nxd4 a6 5. Bd3 Nc6 6. Nxc6 dxc6 7. Nd2 Qc7 8.
a4 Nf6 9. Qf3 e5 10. Nc4 b5 11. Ne3 Rb8 12. axb5 axb5 13. Nf5 Bxf5 14. exf5 Bc5
15. Bg5 O-O 16. O-O Be7 17. Bxf6 e4 18. Bxe4 Bxf6 19. Ra6 c5 20. b3 Rb6 21.
Rxb6 Qxb6 22. g3 Rd8 23. Bd5 b4 24. Re1 Qd6 25. Kg2 g5 26. Bc4 Qc7 27. Re3 Kg7
28. h4 h6 29. hxg5 hxg5 30. Rd3 Rxd3 31. cxd3 Qe7 32. Qd5 Bd4 33. Kf3 Kf6 34.
Qe4 Qxe4+ 35. dxe4 Ke7 36. Kg4 Bxf2 37. e5 f6 38. e6 1/2-1/2

[Event "Danilo Batricevic Mem Balkan GP"]
[Site "Cetinje MNE"]
[Date "2012.10.25"]
[Round "7.3"]
[White "Spasov, V."]
[Black "Damljanovic, B."]
[Result "1/2-1/2"]
[WhiteElo "2566"]
[BlackElo "2572"]
[PlyCount "37"]
[EventDate "2012.10.20"]
[SourceDate "1999.07.01"]

1. e4 c5 2. Nf3 e6 3. c3 Nf6 4. e5 Nd5 5. g3 d6 6. exd6 Bxd6 7. Bg2 O-O 8. O-O
Nc6 9. d4 h6 10. dxc5 Bxc5 11. Nbd2 a5 12. a4 b6 13. Nb3 Ba6 14. Re1 Rc8 15.
Nxc5 bxc5 16. Nd2 Nf6 17. Ne4 Nxe4 18. Bxe4 Ne5 19. Qh5 1/2-1/2

[Event "TCh-FIN SM 2012-13"]
[Site "Porvoo FIN"]
[Date "2012.10.28"]
[Round "5.2"]
[White "Sulskis, S."]
[Black "Miezis, N."]
[Result "0-1"]
[WhiteElo "2564"]
[BlackElo "2574"]
[PlyCount "94"]
[EventDate "2012.09.29"]
[SourceDate "1999.07.01"]
[WhiteTeam "Velhot, Porvoo"]
[BlackTeam "Aatos, Helsinki"]

1. e4 c5 2. Nf3 e6 3. d4 cxd4 4. Nxd4 a6 5. c4 Nf6 6. Nc3 Bb4 7. e5 Ne4 8. Qg4
Nxc3 9. Bd2 Nd5 10. cxd5 Bxd2+ 11. Kxd2 O-O 12. Bd3 f5 13. exf6 Qxf6 14. Qe4 g6
15. Nf3 Qxb2+ 16. Ke3 exd5 17. Qxd5+ Kg7 18. Rhe1 Nc6 19. Rab1 Re8+ 20. Kf4
Qf6+ 21. Kg3 Rf8 22. Qg5 Qd6+ 23. Ne5 Re8 24. f4 Rxe5 25. Rxe5 Qxd3+ 26. Kh4
Qd6 27. Rd5 Qe7 28. Qxe7+ Nxe7 29. Rc5 b5 30. Re1 Kf7 31. g4 Bb7 32. Rce5 Nc6
33. Rd5 Rd8 34. Red1 Nb8 35. Rd6 Re8 36. Kg5 Re6 37. Rxe6 Kxe6 38. Kh6 Be4 39.
Kxh7 d5 40. h4 Nd7 41. Kh6 Nf6 42. f5+ gxf5 43. g5 f4 44. Rc1 d4 45. gxf6 Kxf6
46. Rc8 d3 47. Re8 Bd5 0-1

[Event "TCh-CZE Extraliga 2012-13"]
[Site "Czech Republic CZE"]
[Date "2012.11.04"]
[Round "2.3"]
[White "Hracek, Z."]
[Black "Fedorov, Alex"]
[Result "1/2-1/2"]
[WhiteElo "2615"]
[BlackElo "2590"]
[PlyCount "63"]
[EventDate "2012.11.03"]
[SourceDate "1999.07.01"]
[WhiteTeam "1. Novoborsky SK"]
[BlackTeam "BSS Frydek-Mistek"]

1. e4 c5 2. Nf3 e6 3. d4 cxd4 4. Nxd4 a6 5. c4 Nf6 6. Nc3 Qc7 7. a3 b6 8. Be3
Bb7 9. f3 d6 10. Be2 Be7 11. O-O O-O 12. Qd2 Nbd7 13. Rfd1 Rfc8 14. b4 Bf8 15.
Rac1 Qd8 16. Qe1 Qe8 17. Bf2 Rab8 18. Nb3 Ba8 19. Bg3 Ne5 20. c5 bxc5 21. Bxa6
cxb4 22. Bxc8 bxa3 23. Bxe6 fxe6 24. Nd4 Nh5 25. Bxe5 dxe5 26. Nde2 Nf4 27. Qd2
Qf7 28. Nxf4 exf4 29. Ne2 Qa7+ 30. Qd4 Qxd4+ 31. Nxd4 Kf7 32. g3 1/2-1/2

[Event "4th Marcel Duchamp GM"]
[Site "Buenos Aires ARG"]
[Date "2012.10.23"]
[Round "1"]
[White "Alonso, S."]
[Black "Flores, Di"]
[Result "1/2-1/2"]
[WhiteElo "2506"]
[BlackElo "2598"]
[PlyCount "64"]
[EventDate "2012.10.23"]
[SourceDate "1999.07.01"]

1. e4 c5 2. Nf3 e6 3. d4 cxd4 4. Nxd4 Qb6 5. Nc3 Bc5 6. Na4 Qa5+ 7. c3 Bxd4 8.
Qxd4 Nf6 9. Nc5 O-O 10. Nb3 Qh5 11. f3 d5 12. exd5 Nxd5 13. Be2 b6 14. O-O Ba6
15. c4 Ne7 16. Qe4 Nd7 17. Be3 Rac8 18. Rac1 Nf6 19. Qb1 Rfd8 20. Bf2 Ng6 21.
Rfe1 Nf4 22. Bf1 Bb7 23. Rc3 b5 24. Qc1 bxc4 25. Nc5 Qg5 26. Kh1 Ba8 27. Rxc4
e5 28. Nd7 Rxc4 29. Nxf6+ Qxf6 30. Qxc4 e4 31. fxe4 Qxb2 32. Bxa7 h5 1/2-1/2

[Event "TATA 50th ch-IND National Premier 2012"]
[Site "Kolkata IND"]
[Date "2012.10.12"]
[Round "11.5"]
[White "Deepan, C."]
[Black "Kunte, A."]
[Result "1/2-1/2"]
[WhiteElo "2523"]
[BlackElo "2518"]
[PlyCount "36"]
[EventDate "2012.10.01"]
[SourceDate "1999.07.01"]

1. e4 c5 2. Nf3 e6 3. g3 Nc6 4. Bg2 d6 5. O-O Nf6 6. d3 Be7 7. Nbd2 Qc7 8. c3
O-O 9. Re1 b6 10. a3 Ne5 11. Qc2 Ba6 12. Nxe5 dxe5 13. a4 Rad8 14. Nc4 Nd7 15.
Ne3 Nf6 16. Nc4 Nd7 17. Ne3 Nf6 18. Nc4 Nd7 1/2-1/2

[Event "St Petersburg Rapid Cup 2012"]
[Site "St Petersburg RUS"]
[Date "2012.10.06"]
[Round "7.6"]
[White "Efimenko, Z."]
[Black "Movsesian, S."]
[Result "1-0"]
[WhiteElo "2689"]
[BlackElo "2699"]
[PlyCount "145"]
[EventDate "2012.10.05"]
[SourceDate "1999.07.01"]

1. e4 c5 2. Nf3 e6 3. Nc3 a6 4. d4 cxd4 5. Nxd4 Nc6 6. Be2 Qc7 7. O-O Nf6 8.
Be3 d6 9. f4 Be7 10. Kh1 O-O 11. Qe1 Nxd4 12. Bxd4 b5 13. a3 Bb7 14. Qg3 Rad8
15. Rae1 Rd7 16. Bd3 Re8 17. Qh3 e5 18. fxe5 dxe5 19. Nd5 Bxd5 20. exd5 Rxd5
21. Bc3 g6 22. Qh6 Bf8 23. Qh4 Nd7 24. Be4 Rd6 25. Rxf7 Kxf7 26. Qxh7+ Bg7 27.
Rf1+ Rf6 28. Bd5+ Ree6 29. Bxe6+ Kxe6 30. Qg8+ Kd6 31. Rd1+ Kc6 32. Qxg7 Rd6
33. Re1 Re6 34. Qg8 Rf6 35. h3 Qd6 36. Qc8+ Kb6 37. Qd8+ Kc6 38. Ba5 Rf8 39.
Qh4 Rf4 40. Qg3 Qf6 41. Kh2 Nc5 42. Bb4 Re4 43. Rd1 Qf4 44. Qxf4 exf4 45. Rd8
Ne6 46. Rd6+ Kb7 47. h4 Re2 48. Kg1 Kc7 49. Rxa6 Kd7 50. Kf1 Re4 51. c3 Ke8 52.
Rb6 Re5 53. Rb7 Nd8 54. Rg7 Re6 55. Kf2 Nf7 56. Kf3 Rf6 57. Ke4 Kd7 58. Bc5 Ke6
59. Bd4 f3 60. gxf3 Nd6+ 61. Kd3 Rxf3+ 62. Ke2 Rh3 63. Rxg6+ Kd5 64. Rg5+ Ke4
65. Re5+ Kf4 66. Rd5 Nc4 67. Rxb5 Rh2+ 68. Bf2 Ne5 69. Rb8 Ng4 70. Rf8+ Ke4 71.
a4 Rh1 72. Bg3 Kd5 73. Rf4 1-0

[Event "Baku Open 2012"]
[Site "Baku AZE"]
[Date "2012.09.28"]
[Round "7.16"]
[White "Guliyev, N."]
[Black "Pantsulaia, L."]
[Result "1-0"]
[WhiteElo "2536"]
[BlackElo "2575"]
[PlyCount "86"]
[EventDate "2012.09.22"]
[SourceDate "1999.07.01"]

1. e4 c5 2. Nf3 e6 3. d4 cxd4 4. Nxd4 a6 5. Bd3 Nf6 6. O-O e5 7. Bg5 h6 8. Bxf6
Qxf6 9. Nf5 g6 10. Ne3 Bc5 11. Nc3 d6 12. Ncd5 Qd8 13. b4 Ba7 14. Qd2 Be6 15.
Rad1 O-O 16. Kh1 Nc6 17. c3 Kg7 18. Bc2 Rc8 19. Bb3 a5 20. a3 axb4 21. axb4 Ra8
22. Nc4 Bb8 23. Qb2 Ne7 24. Na5 Nc6 25. Nc4 Ne7 26. Nde3 Bxc4 27. Nxc4 Nc6 28.
Rd5 Qh4 29. f3 Rd8 30. Qd2 Bc7 31. g3 Qf6 32. Kg2 h5 33. Rd1 h4 34. Qf2 hxg3
35. hxg3 Ne7 36. Rb5 Rab8 37. Ne3 Rh8 38. Qd2 Rh5 39. Ng4 Qg5 40. Qxg5 Rxg5 41.
Ra1 f5 42. Nf2 Nc6 43. g4 fxg4 1-0

[Event "21st TCh-CRO 1a 2012"]
[Site "Sibenik CRO"]
[Date "2012.09.23"]
[Round "1.43"]
[White "Palac, M."]
[Black "Antoniewski, R."]
[Result "1/2-1/2"]
[WhiteElo "2591"]
[BlackElo "2541"]
[PlyCount "29"]
[EventDate "2012.09.23"]
[SourceDate "1999.07.01"]
[WhiteTeam "SK Zagreb, Zagreb"]
[BlackTeam "GSK Mravince-Cemex, Mravince"]

1. e4 c5 2. Nf3 e6 3. d4 cxd4 4. Nxd4 a6 5. Bd3 Bc5 6. Nb3 Ba7 7. Qe2 Nc6 8.
O-O d6 9. Be3 Nf6 10. c4 Bxe3 11. Qxe3 e5 12. Nc3 Be6 13. Rfd1 O-O 14. Rd2 Qb8
15. Rad1 1/2-1/2

[Event "21st TCh-CRO 1b 2012"]
[Site "Sibenik CRO"]
[Date "2012.09.23"]
[Round "1.4"]
[White "Dvirnyy, D."]
[Black "Horvath, Cs1"]
[Result "1-0"]
[WhiteElo "2520"]
[BlackElo "2526"]
[PlyCount "135"]
[EventDate "2012.09.23"]
[SourceDate "1999.07.01"]
[WhiteTeam "DUBROVNIK Dubrovnik"]
[BlackTeam "POZEGA Pozega"]

1. e4 c5 2. Nf3 e6 3. d4 cxd4 4. Nxd4 a6 5. Bd3 Nf6 6. O-O Qc7 7. Kh1 d5 8.
exd5 Nxd5 9. Nc3 Nxc3 10. bxc3 Nd7 11. Re1 Nc5 12. Qg4 h5 13. Qf3 Nxd3 14. cxd3
Qxc3 15. Be3 Be7 16. Rac1 Qxd3 17. Red1 Qg6 18. Nc6 Qg4 19. Qxg4 hxg4 20. Nxe7
Kxe7 21. Bg5+ f6 22. Rc7+ Ke8 23. Be3 Rh5 24. Rxg7 Kf8 25. Rxg4 Rd5 26. Bh6+
Ke7 27. Rg7+ Kd6 28. Rc1 Bd7 29. Rf7 Rc8 30. Bf8+ Ke5 31. Re1+ Kf5 32. Be7 Kg6
33. Rxf6+ Kg7 34. Rf3 Rc2 35. a3 Bc6 36. Bf6+ Kf7 37. Bh4+ Kg7 38. Rfe3 Rh5 39.
Bg3 Bd5 40. Kg1 Rg5 41. h3 Kf7 42. R1e2 Rc1+ 43. Kh2 b5 44. f3 Bc4 45. Rf2 Rd5
46. Bc7 Rcd1 47. f4 R5d3 48. Rff3 Rxe3 49. Rxe3 Rd3 50. Rxd3 Bxd3 51. g4 Bf1
52. Kg3 Kg6 53. h4 Be2 54. Ba5 Bd1 55. Bc3 Be2 56. h5+ Kh6 57. Kh4 Bd3 58. g5+
Kh7 59. g6+ Kh6 60. Bb4 Bxg6 61. hxg6 Kxg6 62. Kg4 Kf6 63. Bc3+ Kg6 64. Bb4 Kf6
65. Bd2 Kg6 66. Bc3 Kh6 67. Kf3 Kg6 68. Ke4 1-0

[Event "TCh-SRB Prem 2012"]
[Site "Valjevo SRB"]
[Date "2012.09.19"]
[Round "3.2"]
[White "Mastrovasilis, D."]
[Black "Damljanovic, B."]
[Result "1/2-1/2"]
[WhiteElo "2613"]
[BlackElo "2572"]
[PlyCount "82"]
[EventDate "2012.09.17"]
[SourceDate "1999.07.01"]
[WhiteTeam "SK Lasta Beograd"]
[BlackTeam "VSK Sv. Nikolaj Srpski Valjevo"]

1. e4 c5 2. Nf3 e6 3. d4 cxd4 4. Nxd4 a6 5. Bd3 Bc5 6. Nb3 Ba7 7. Qe2 Nc6 8.
Be3 d6 9. f4 Bxe3 10. Qxe3 Nf6 11. Nc3 e5 12. O-O-O Be6 13. h3 Rc8 14. g4 O-O
15. Kb1 exf4 16. Qxf4 Qc7 17. g5 Nd7 18. h4 Nde5 19. h5 f6 20. g6 h6 21. Rh2 b5
22. Bf1 Rcd8 23. Nd5 Qb7 24. Rhd2 Nc4 25. Rh2 a5 26. Bh3 Rde8 27. a3 a4 28.
Bxe6+ Rxe6 29. Nd4 Nxd4 30. Rxd4 Re5 31. c3 Rfe8 32. Ka2 R5e6 33. Rf2 Re5 34.
Rh2 R8e6 35. Qg4 Re8 36. Rf2 Qc8 37. Qf3 Qb7 38. Qg4 Qc8 39. Qf3 Qb7 40. Qg4
Rg5 41. Qh3 Rge5 1/2-1/2

[Event "2nd Isthmia Open A"]
[Site "Korinthia GRE"]
[Date "2012.08.23"]
[Round "7.1"]
[White "Firman, N."]
[Black "Fedorchuk, S."]
[Result "1-0"]
[WhiteElo "2535"]
[BlackElo "2639"]
[PlyCount "111"]
[EventDate "2012.08.18"]
[SourceDate "1999.07.01"]

1. e4 c5 2. Nf3 e6 3. d4 cxd4 4. Nxd4 a6 5. Be2 Nf6 6. Nc3 d6 7. O-O Nbd7 8. a4
b6 9. f4 Bb7 10. Bf3 Qc7 11. Kh1 Rc8 12. Qe1 Ba8 13. Be3 Be7 14. Bf2 O-O 15.
Bg3 h6 16. Rd1 Rfe8 17. e5 Bxf3 18. Nxf3 dxe5 19. fxe5 Nh5 20. Bf2 Red8 21. Bd4
Nf4 22. Nh4 Bxh4 23. Qxh4 Ng6 24. Qf2 Ngxe5 25. Qg3 Rf8 26. Ne4 f5 27. Nf2 Rf7
28. Rfe1 Nc6 29. Bc3 Qxg3 30. hxg3 Nc5 31. b3 Rd8 32. Rxd8+ Nxd8 33. a5 b5 34.
b4 Na4 35. Be5 Nc6 36. Nd3 Rd7 37. Ba1 Kf7 38. Kh2 Rd5 39. Kh3 g5 40. Kh2 Nd4
41. Ne5+ Ke8 42. c4 bxc4 43. Nxc4 Ke7 44. Ne3 Rb5 45. Bxd4 Kd6 46. Bg7 Rb7 47.
Bf8+ Kc6 48. Rc1+ Kd7 49. Nc4 Rb5 50. Bxh6 g4 51. Bg7 Ke7 52. Ne5 Rb7 53. Rc6
Rxb4 54. Rc7+ Kd8 55. Rc1 Ke8 56. Rc8+ 1-0

[Event "2nd Isthmia Open A"]
[Site "Korinthia GRE"]
[Date "2012.08.23"]
[Round "7.5"]
[White "Svetushkin, D."]
[Black "Sethuraman, S."]
[Result "1-0"]
[WhiteElo "2569"]
[BlackElo "2546"]
[PlyCount "67"]
[EventDate "2012.08.18"]
[SourceDate "1999.07.01"]

1. e4 c5 2. Nf3 e6 3. d3 Nc6 4. g3 g6 5. Bg2 Bg7 6. O-O Nge7 7. c3 O-O 8. Na3
d5 9. Re1 Rb8 10. e5 b5 11. Nc2 b4 12. cxb4 Nxb4 13. Nxb4 Rxb4 14. b3 f6 15.
Ba3 Rb5 16. Rc1 Qa5 17. Nd4 Qxa3 18. Nxb5 Qb4 19. Nc3 fxe5 20. Na4 e4 21. dxe4
Bd4 22. Rc2 Bd7 23. a3 Qa5 24. exd5 Bxa4 25. bxa4 Nxd5 26. Rxe6 Nf6 27. Rc4 Qd8
28. Qe2 Nd5 29. Rxd4 cxd4 30. Qc4 Rf5 31. Be4 Rh5 32. Bxd5 Qxd5 33. Qc8+ Kg7
34. Re7+ 1-0

[Event "Husek Vienna Open A"]
[Site "Vienna AUT"]
[Date "2012.08.16"]
[Round "4"]
[White "Salgado Lopez, I."]
[Black "Horvath, Cs1"]
[Result "1/2-1/2"]
[WhiteElo "2638"]
[BlackElo "2505"]
[PlyCount "41"]
[EventDate "2012.08.13"]
[SourceDate "1999.07.01"]

1. e4 c5 2. Nf3 e6 3. d4 cxd4 4. Nxd4 a6 5. Bd3 Nf6 6. Qe2 e5 7. Nf5 d6 8. Bg5
Be6 9. Nc3 Nbd7 10. O-O-O Rc8 11. Nd5 Qa5 12. Bc4 Nxd5 13. Rxd5 Qc7 14. Bb3 Nc5
15. Rhd1 Nxb3+ 16. axb3 Bxd5 17. Rxd5 g6 18. Ne3 Be7 19. Bh6 Bf8 20. Bg5 Be7
21. Bh6 1/2-1/2

[Event "11th Braunau Open A"]
[Site "Ranshofen AUT"]
[Date "2012.08.11"]
[Round "9.4"]
[White "Medvegy, Z."]
[Black "Hera, I."]
[Result "1/2-1/2"]
[WhiteElo "2555"]
[BlackElo "2568"]
[PlyCount "73"]
[EventDate "2012.08.04"]
[SourceDate "1999.07.01"]

1. e4 c5 2. Nf3 e6 3. b3 b6 4. g3 Bb7 5. Qe2 d6 6. Bg2 Nf6 7. d3 Be7 8. Bb2 O-O
9. O-O Nc6 10. Nbd2 Rc8 11. Rfe1 Nd7 12. c3 Nde5 13. d4 Nxf3+ 14. Nxf3 cxd4 15.
Nxd4 Nxd4 16. cxd4 d5 17. e5 Qd7 18. Rec1 Rxc1+ 19. Rxc1 Rc8 20. Qd2 Ba6 21. h4
Rc6 22. Bf3 Qc8 23. Kg2 Rxc1 24. Qxc1 Qxc1 25. Bxc1 Bd3 26. Bd1 Bb1 27. a4 a5
28. Bg5 Kf8 29. Kf3 h6 30. Bxe7+ Kxe7 31. Ke3 f6 32. f4 f5 33. Kd2 g6 34. Bc2
Bxc2 35. Kxc2 g5 36. h5 gxf4 37. gxf4 1/2-1/2

[Event "2nd Riga Tech Open"]
[Site "Riga LAT"]
[Date "2012.08.09"]
[Round "6.3"]
[White "Kulaots, K."]
[Black "David, Alb"]
[Result "1/2-1/2"]
[WhiteElo "2558"]
[BlackElo "2595"]
[PlyCount "21"]
[EventDate "2012.08.06"]
[SourceDate "1999.07.01"]

1. e4 c5 2. Nf3 e6 3. d4 cxd4 4. Nxd4 a6 5. c4 Nf6 6. Nc3 Bb4 7. Qd3 d6 8. Nc2
Bxc3+ 9. bxc3 O-O 10. Ba3 Re8 11. Bxd6 1/2-1/2

[Event "2nd Riga Tech Open"]
[Site "Riga LAT"]
[Date "2012.08.11"]
[Round "8.3"]
[White "Kulaots, K."]
[Black "Miezis, N."]
[Result "1-0"]
[WhiteElo "2558"]
[BlackElo "2580"]
[PlyCount "147"]
[EventDate "2012.08.06"]
[SourceDate "1999.07.01"]

1. e4 c5 2. Nf3 e6 3. d4 cxd4 4. Nxd4 a6 5. Bd3 Nc6 6. Nxc6 dxc6 7. Nd2 Qc7 8.
O-O e5 9. Nc4 b5 10. Ne3 Nf6 11. a4 Rb8 12. Qf3 Nd7 13. axb5 axb5 14. Bd2 Nc5
15. Ba5 Qb7 16. Rfd1 Be6 17. Be2 Rc8 18. b4 Na4 19. Ra3 Nb2 20. Rb1 Nc4 21.
Nxc4 bxc4 22. Qg3 f6 23. Rc3 Qf7 24. Bg4 Rb8 25. Qh3 Bxg4 26. Qxg4 Bc5 27. Qe2
Bd4 28. Rxc4 Qe6 29. c3 Bb6 30. Bxb6 Rxb6 31. Rc5 O-O 32. Ra1 Rd8 33. h3 h6 34.
Ra7 Kh7 35. Rca5 Rd7 36. Kh2 Rbb7 37. Rxb7 Rxb7 38. Ra6 Qc8 39. Qa2 Qd7 40. Qe2
c5 41. bxc5 Rc7 42. c6 Rxc6 43. Qb5 Rc7 44. Qxd7 Rxd7 45. Rc6 h5 46. g3 h4 47.
gxh4 Kg6 48. Kg3 Kh5 49. Rc8 Rd3+ 50. f3 Kg6 51. Kg4 Rd1 52. h5+ Kh7 53. h4
Rg1+ 54. Kh3 Rc1 55. c4 Rh1+ 56. Kg3 Rg1+ 57. Kh2 Rf1 58. Kg2 Rc1 59. c5 Rc2+
60. Kg3 Rc1 61. c6 Rc5 62. Kg4 Rc1 63. Kf5 Rc3 64. Ke6 Rxf3 65. Rd8 Rc3 66. Rd6
Kh6 67. Kd7 Kxh5 68. c7 Rxc7+ 69. Kxc7 Kxh4 70. Rd1 g5 71. Kd6 g4 72. Ke6 Kg5
73. Rf1 g3 74. Rf5+ 1-0

[Event "45th Biel Masters Open"]
[Site "Biel SUI"]
[Date "2012.08.01"]
[Round "9"]
[White "Harikrishna, P."]
[Black "Khairullin, I."]
[Result "1/2-1/2"]
[WhiteElo "2684"]
[BlackElo "2631"]
[PlyCount "82"]
[EventDate "2012.07.23"]
[SourceDate "1999.07.01"]

1. e4 c5 2. Nf3 e6 3. d4 cxd4 4. Nxd4 Nc6 5. Nc3 Qc7 6. Be2 Nf6 7. O-O Be7 8.
Be3 O-O 9. Kh1 d6 10. f4 Nxd4 11. Bxd4 e5 12. Be3 b6 13. Bd3 Bb7 14. Qf3 a6 15.
a4 exf4 16. Bxf4 Nd7 17. Qg3 Ne5 18. Rad1 Bf6 19. Be3 Nd7 20. Rxf6 Nxf6 21. Bd4
Ne8 22. Re1 Qd8 23. Nd5 Bxd5 24. exd5 g6 25. Qf2 Qd7 26. Bxb6 Qxa4 27. h3 Qd7
28. b4 f5 29. Bd4 Nf6 30. Re6 Nxd5 31. Bc4 Qxe6 32. Qf3 Rf7 33. Bxd5 Qe1+ 34.
Kh2 Re8 35. Qb3 Ree7 36. Qc4 f4 37. Bxf7+ Rxf7 38. Qc8+ Rf8 39. Qc4+ Rf7 40.
Qc8+ Rf8 41. Qc4+ Rf7 1/2-1/2

[Event "Turkish Bank Chess League 2012"]
[Site "Konya TUR"]
[Date "2012.07.21"]
[Round "12"]
[White "Inarkiev, E."]
[Black "Durarbayli, V."]
[Result "1-0"]
[WhiteElo "2707"]
[BlackElo "2576"]
[PlyCount "67"]
[EventDate "2012.07.11"]
[SourceDate "1999.07.01"]
[WhiteTeam "Istanbul Teknik Uni"]
[BlackTeam "Ankara Gazi"]

1. e4 c5 2. Nf3 e6 3. Nc3 d6 4. d4 cxd4 5. Nxd4 Nc6 6. Be3 Nf6 7. f4 e5 8. Nf3
exf4 9. Bxf4 Qb6 10. Qd2 Qxb2 11. Rb1 Qa3 12. Bd3 Qa5 13. Nb5 Qd8 14. e5 Nxe5
15. Nxe5 a6 16. Qe2 Be6 17. Nf3 axb5 18. Bxb5+ Nd7 19. Ng5 Qe7 20. O-O O-O-O
21. Bc6 Nc5 22. Rxb7 Rd7 23. Rb5 Bxa2 24. Bxd7+ Kxd7 25. Qf3 d5 26. Ra1 Kc6 27.
Rb8 Na6 28. Rc8+ Kb7 29. Rxf8 Rxf8 30. Rxa2 Qe1+ 31. Qf1 Re8 32. Rb2+ Kc6 33.
Nxf7 Nc5 34. Qxe1 1-0